书目信息 |
| 题名: |
航天员潜水训练教程
|
|
| 作者: | 白延强 主编 | |
| 分册: | ||
| 出版信息: | 北京 国防工业出版社 2008.09 |
|
| 页数: | 105, [4] 页图版 | |
| 开本: | 26cm | |
| 丛书名: | ||
| 单 册: | ||
| 中图分类: | V527 , P754.3 | |
| 科图分类: | ||
| 主题词: | 潜水--qian shui--航空航天人员训练--教材 | |
| 电子资源: | ||
| ISBN: | 978-7-118-05924-3 | |
| 000 | 00857nam0 2200253 450 | |
| 001 | 012009619391 | |
| 005 | 20090430104841.70 | |
| 010 | @a978-7-118-05924-3@dCNY18.00 | |
| 100 | @a20090430d2008 em y0chi0120 ea | |
| 101 | 0 | @achi |
| 102 | @aCN@b110000 | |
| 105 | @aaf a 000yy | |
| 106 | @ar | |
| 200 | 1 | @a航天员潜水训练教程@Ahang tian yuan qian shui xun lian jiao cheng@f白延强主编@Fbai yan qiang zhu bian |
| 210 | @a北京@c国防工业出版社@d2008.09 | |
| 215 | @a105, [4] 页图版@c图@d26cm | |
| 320 | @a有书目 (第105页) | |
| 330 | @a本书主要内容包括:潜水物理常识,潜水疾病,潜水员临床医学检查标准,自携式潜水装具,潜水技能,潜水安全等。 | |
| 606 | 0 | @a潜水@Aqian shui@x航空航天人员训练@j教材 |
| 690 | @aV527@v4 | |
| 690 | @aP754.3@v4 | |
| 701 | 0 | @a白延强@Abai yan qiang@4主编 |
| 801 | 0 | @aCN@bQSSK@c20090430 |
| 905 | @b740872-74@dV527@eB155@f3 | |
| 航天员潜水训练教程/白延强主编.-北京:国防工业出版社,2008.09 |
| 105, [4] 页图版:图;26cm |
| ISBN 978-7-118-05924-3:CNY18.00 |
| 本书主要内容包括:潜水物理常识,潜水疾病,潜水员临床医学检查标准,自携式潜水装具,潜水技能,潜水安全等。 |
| ● |
| 相关链接 |
|
|
|
正题名:航天员潜水训练教程
索取号:V527/B155
 
预约/预借
| 序号 | 登录号 | 条形码 | 馆藏地/架位号 | 状态 | 备注 |
| 1 | 740872 | 207408722 | 自科库501/501自科库 90排2列2层/ [索取号:V527/B155] | 在馆 | |
| 2 | 740873 | 207408731 | 期刊室512/501自科库 90排2列2层/ [索取号:V527/B155] | 在馆 | |
| 3 | 740874 | 207408740 | 自科库501/501自科库 90排2列2层/ [索取号:V527/B155] | 在馆 |